|
|
|
|
| LEADER |
02029nam a2200481 a 4500 |
| 001 |
EBC3386247 |
| 003 |
MiAaPQ |
| 005 |
20200520144314.0 |
| 006 |
m o d | |
| 007 |
cr cn||||||||| |
| 008 |
110714s2010 enk sb 001 0 eng d |
| 020 |
|
|
|z 9780745330129 (pbk.)
|
| 020 |
|
|
|z 9780745330136
|
| 020 |
|
|
|a 9781849645607 (electronic bk.)
|
| 035 |
|
|
|a (MiAaPQ)EBC3386247
|
| 035 |
|
|
|a (Au-PeEL)EBL3386247
|
| 035 |
|
|
|a (CaPaEBR)ebr10479749
|
| 035 |
|
|
|a (CaONFJC)MIL986713
|
| 035 |
|
|
|a (OCoLC)730518203
|
| 040 |
|
|
|a MiAaPQ
|c MiAaPQ
|d MiAaPQ
|
| 041 |
1 |
|
|a eng
|h fre
|
| 050 |
|
4 |
|a HD9502.5.B542
|b H6813 2010
|
| 100 |
1 |
|
|a Houtart, Francois.
|
| 245 |
1 |
0 |
|a Agrofuels
|h [electronic resource] :
|b big profits, ruined lives and ecological destruction /
|c Francois Houtart ; translated by Victoria Bawtree ; with the collaboration of Bosco Bashangwa Mpozi, Beinvenue Lutumba Bukassa and Geoffrey Geuens ; foreword by Walden Bello.
|
| 260 |
|
|
|a London :
|b Pluto Press,
|c 2010.
|
| 300 |
|
|
|a xi, 196 p.
|
| 490 |
1 |
|
|a Transnational Institute series
|
| 500 |
|
|
|a First published in French as: L'agroenergie : Solution pour le climat ou sortie de crise pour le capital, by Couleur Livres (Charleroi, 2009).
|
| 504 |
|
|
|a Includes bibliographical references and index.
|
| 533 |
|
|
|a Electronic reproduction. Ann Arbor, MI : ProQuest, 2015. Available via World Wide Web. Access may be limited to ProQuest affiliated libraries.
|
| 650 |
|
0 |
|a Energy crops industry.
|
| 650 |
|
0 |
|a Energy crops
|x Environmental aspects.
|
| 650 |
|
0 |
|a Energy crops
|x Economic aspects.
|
| 655 |
|
4 |
|a Electronic books.
|
| 700 |
1 |
|
|a Houtart, Francois.
|t Agroenergie.
|l English.
|
| 700 |
1 |
|
|a Bawtree, Victoria.
|
| 700 |
1 |
|
|a Mpozi, Bosco Bashangwa.
|
| 700 |
1 |
|
|a Bukassa, Beinvenue Lutumba.
|
| 700 |
1 |
|
|a Geuens, Geoffrey.
|
| 700 |
1 |
|
|a Bello, Walden F.
|
| 710 |
2 |
|
|a ProQuest (Firm)
|
| 830 |
|
0 |
|a Transnational Institute series.
|
| 856 |
4 |
0 |
|u https://ebookcentral.proquest.com/lib/matrademy/detail.action?docID=3386247
|z Click to View
|